000 00982cam a2200277 a 4500
001 000014451
003 OSt
005 20201001110428.0
008 970811s1997 ck a b 000 0 spa d
020 _a958648131X
040 _aDO-SdBNP
_bspa
_cBNPHU
082 _a338.109861
_bM149a
100 1 _aMachado Cartagena., Absalón
_d1941-
_932615
245 1 0 _aAgroindustria y desarrollo rural /
_cAbsalón Machado Cartagena.
260 _aSantafé de Bogotá :
_bAcademia Colombiana de Ciencias Económicas ;
_bEcoe,
_c1997.
300 _a136 p. :
_bil. ;
_c21 cm.
490 1 _aTextos universitarios
504 _aBibliografías: p. 26-29
504 _aIncluye referencias bibliográficas y notas al pie de las páginas.
650 4 _aIndustrias agropecuarias
_zColombia
_932616
650 4 _aAgricultura
_xAspectos económicos
_zColombia
_930378
650 4 _aDesarrollo rural
_zColombia
_930602
830 0 _aTextos universitarios
_91147
942 _2ddc
_cLF1
956 _aLOPEREZ
999 _c14040
_d14040